Normal view
MARC view
- edited by Andrea Prosperetti and Grétar Tryggvason.
Entry Personal Name
001 - CONTROL NUMBER
- control field: 1679
003 - CONTROL NUMBER IDENTIFIER
- control field: NUST
005 - DATE AND TIME OF LATEST TRANSACTION
- control field: 20170531110428.0
008 - FIXED-LENGTH DATA ELEMENTS
- fixed length control field: 170531|| aca||aabn | a|a d
040 ## - CATALOGING SOURCE
- Original cataloging agency: NUST
- Transcribing agency: NUST
100 ## - HEADING--PERSONAL NAME
- Personal name: edited by Andrea Prosperetti and Grétar Tryggvason.
670 ## - SOURCE DATA FOUND
- Source citation: Work cat.: (NUST)23659: edited by Andrea Prosperetti and Grétar Tryggvason., Computational methods for multiphase flow /, c2009.
